00000000cam 2200000zi 4500
0019.961485
003CaOODSP
00520260514105908
006m     o  d f      
007cr |n|||||||||
008260330s2026    onc     obs  f000 0 eng d
020 |a9780660993133
040 |aCaOODSP|beng|erda|cCaOODSP
043 |an-cn---
0861 |aPS84-260/2026E-PDF
1001 |aStewart, Molly, |eauthor.
24512|aA profile of black individuals serving indeterminate sentences in Canada / |cprepared by: Molly Stewart & Laura McKendy.
264 1|a[Ottawa] : |bCorrectional Service Canada = Service correctionnel du Canada, |c2026.
300 |a1 online resource (2 unnumbered pages).
336 |atext|btxt|2rdacontent
337 |acomputer|bc|2rdamedia
338 |aonline resource|bcr|2rdacarrier
4901 |aResearch in brief ; |vRIB-25-33
500 |aIssued also in French under title: Profil des personnes noires purgeant une peine d’une durée indéterminée au Canada.
504 |aIncludes bibliographical references.
650 0|aMinority prisoners|zCanada|vStatistics.
655 7|aStatistics|2lcgft
7102 |aCorrectional Service Canada, |eissuing body.
77508|tProfil des personnes noires purgeant une peine d’une durée indéterminée au Canada / |w(CaOODSP)9.961486
830#0|aResearch in brief (Correctional Service Canada)|vRIB-25-33.|w(CaOODSP)9.805030
85640|qPDF|sKB|uhttps://publications.gc.ca/collections/collection_2026/scc-csc/PS84-260-2026-eng.pdf
8564 |qHTML|sN/A|uhttps://www.canada.ca/en/correctional-service/corporate/library/research/research-brief/25-33.html